Formovanie hospodárskej politiky pre dlhodobý ekonomický rast : rast a stabilita vedecký monografický zborník : vedecké state k výskumnému projektu VEGA 1/0421/11

Saved in:
Bibliographic Details
Other Authors: Fifeková, Elena, Tkáčová, Daniela, 1954-, Luchava, Ján
Format: Book
Language:Slovak
Published: Bratislava Vydavateľstvo EKONÓM 2011
Subjects:
Tags: Add Tag
No Tags, Be the first to tag this record!

MARC

LEADER 00000nam a2200000 4500
001 0147159
005 20240502072646.5
020 |a 978-80-225-3335-5 
041 0 |a slo 
044 |a SK 
245 1 0 |a Formovanie hospodárskej politiky pre dlhodobý ekonomický rast : rast a stabilita  |b vedecký monografický zborník : vedecké state k výskumnému projektu VEGA 1/0421/11  |c zostavila Elena Fifeková 
264 1 |a Bratislava  |b Vydavateľstvo EKONÓM  |c 2011 
300 |a CD-ROM [98 s.] 
610 2 0 |a politika hospodárska 
610 2 0 |a rast hospodársky 
610 2 0 |a stabilita hospodárstva 
700 1 |a Fifeková, Elena 
700 1 |a Tkáčová, Daniela, 1954- 
700 1 |a Luchava, Ján